Statistiques concernant Les films de David Fincher

Cliquez ici pour prendre le quiz!

Statistiques générales

  • Ce quiz a été pris 67 fois
  • Le résultat moyen est 8 sur 12

Statistiques - réponses

AnnéeFilm% Correct
1999Fight Club
98%
1995Seven
90%
2007Zodiac
73%
2014Gone Girl
71%
2023The Killer
68%
2008L'Étrange Histoire de Benjamin Button
63%
2010The Social Network
63%
1997The Game
61%
2002Panic Room
59%
1992Alien 3
58%
2020Mank
54%
2011
Millénium : Les Hommes qui n'aimaient pas les femmes
51%

Distribution des résultats

Percentile par nombre de réponses

% des personnes avec chaque résultat

Votre développement - résultats

Vous n’avez pas pris ce quiz